History Quiz

Random History Quiz

Top Baby Names of 1985 Quiz Stats

 Plays Quiz not verified by Sporcle

Also try: 'H' in History
Challenge
Share
Tweet
Embed
Score 0/40 Timer 08:00
0 Plays Today
% Correct
John
87%
Michael
84.5%
James
81.4%
Jennifer
78.3%
Matthew
75.5%
Christopher
73.9%
Jessica
73.6%
Daniel
72.7%
David
72.4%
Robert
72.4%
Elizabeth
71.7%
Sarah
70.5%
William
68.6%
Joseph
61.2%
Andrew
60.2%
Brian
60.2%
Joshua
58.4%
Ashley
58.4%
Laura
57.5%
Amanda
55.3%
% Correct
Ryan
54.7%
Christina
54.7%
Rachel
54.7%
Melissa
54.3%
Amy
50.9%
Stephanie
49.7%
Lauren
49.7%
Jason
49.4%
Nicole
45.7%
Anthony
45.3%
Jonathan
44.4%
Nicholas
44.1%
Megan
44.1%
Kimberly
41.3%
Heather
41%
Danielle
40.1%
Justin
37.6%
Brittany
37.3%
Brandon
31.1%
Amber
27.3%

You're not logged in!

Compare scores with friends on all Sporcle quizzes.
Join for Free
OR
Log In

You Might Also Like...

Show Comments

Extras

Top Quizzes Today


Score Distribution

Your Account Isn't Verified!

In order to create a playlist on Sporcle, you need to verify the email address you used during registration. Go to your Sporcle Settings to finish the process.

Report this User

Report this user for behavior that violates our Community Guidelines.

Details: